Guess the Balkan song by text Part 9 - Statistics

General Stats
  • This quiz has been taken 17 times
  • The average score is 10 of 30
Answer Stats
Text Song % Correct
I reci da l' si vidô ovako nešto Da neko s tobom priča tako bahato i besno? I ta riba pored tebe jako izgleda mi smešno A jedino je bitna kad se snima s mojom pesmom Voyage & Elena - London
90%
Ja varim blunt, cirkam lean, ti me činiš nervoznim U plućima si kô dim, na slikama svim kô Kim Usred hood-a čujem svašta, basna mjuza, kuja rasna Louis tašna, bulja masna, riba luda, bujna mašta Jala Brat & Buba Corelli - Japan
70%
Boom Shaka Laka, bunda, dlaka kô Chewbacca Ništa pljaka bez divljaka, ona tanka bez stomaka Voza, baca, Pariz, Dakar, ljulja kad joj puste Pac-a Nama jaka svaka traka, al' malo bi Džeja makar Jala Brat & Buba Corelli - Military
70%
Lamborghini Huracan Da se malo pohvali brat (da se pohvali brat) Dobar život, a ne san Ne jednom nego svaki dan (nego svaki dan) THCF - Roze zlato
70%
Ko se oko šteka mota? Za sekund pada glava kad u pitanju je svota Uvek beži se od drota Produžena Škoda, Land Cruiser i Toyota Bandra - Bolt
60%
A komandire, druže, reci joj da živim Dobro tu između ovih zidova I da nemam nikog drugog ja da krivim Što nisam pored nje sad, osim sebe, nikoga Rasta - Rođendan
60%
Pojavi se do zore, ma nemoj ni da zoveš Znam sve tvoje fore, što pitaš da l' sam sâm? Samo dođi, ja sam ovde, noćas budi sa mnom A sutra andiamo, previše je malo Relja & Devito - Offline
60%
Tik-tak, tik-tak, evo ide manijak Tik-tak, tik-tak, lepša što si starija Tik-tak, tik-tak, evo ide manijak Neka vide svi u mraku, najjača si na TikTaku Desingerica - Cchap cchap
50%
Ćao, kako si, šta radiš? Nismo čuli se odavno Da li i ja tebi falim? Ja na tebe mislim stalno Voyage - Tajne u ogledalu
50%
Posle topa imam mood changePosle tebe daj joj tooth paste
Only way is the high way Jer sreda nam je friday
Biba - Looney Tunes
40%
Sad u trendu prvi-prvi-prvi-prvi Ti se prsiš, ljutiš, ali nisi nešto Ona ludi sa mnom skank da mrvi Da joj trnu zubi, da joj budem dečko Fox - Fuccboi
40%
Nema me, noćas nema me, nema- Nema me, noćas nema me, nema- Nema me zbog alkohola, loših žena Nema me zbog para, dugova, problema Gazda Paja & Marlon Brutal - Dizel
40%
Usne crvene - EnzoIz Pariza na grudima Kenzo
Zavela bi pola grada, kô anđeo je sada Na štiklama kad prošeta se centrom
Corona & Rimski - Biser na štiklama
30%
Izvini, ja sam mirnija Al' je noćas sa mnom flaša viskija Pripitija, to nisam ja Atmosfera vrela je kô Indija Cvija & Teodora - Nokaut
30%
Pun je klub, vrela noć, ona pršti Uzak struk, faca top, al' se mršti Celo veče samo oko nje se cimam Samo jednu stvar da je pitam Djexon - Jojoj
30%
Penthouse panorama I karta do Bahama Business class do Havaja Ma kako god, god, god Popovska - Kripto
30%
Slušaj, zima, hladna noć u sobi, dah se ledi Ceo grad misli da sam samo debil Ja slušam kikove, slušam snerove Malo mi je hladno, ali sve u redu je Coby - Pravi rep
20%
Oko mene samo prave glave Separe je kô harem, crne, crvene, plave Ale, ale, popio sam Lamba Zbog nje pukô sam pare Devito & Coby - Koji kralj
20%
Ti se popni na šank, budi budna do svitanja Ti tako divlja, ja pijan kô nikada Gledam te sad, lepša si nego ikada Tvoje su oči kô brušeni dijamant Relja Torinno & Popovska - Problema
20%
Prva mora pali, drugu čekam da mi svrati Iz svoje kože dalje ne možemo jer smo krajski I zato s braćom punim gasom vozim se po Malti Ceo život prljave novčanice i opijati Seksi & Inas - Zvoni zvoni
20%
Bass iz Pasata, čuvam đale za brata Osveta i kamata, samo čujem ra-ta-ta (Ra-ta-ta!) Noć crna kao Gana, na glavi mi bandana Bit će frka, bit će drama Frenkie & Kontra & Indigo - Tupakamaru
10%
Vozin skutera, cidin sok
Kako živin ga mili moj
Niz tilo mi klizi znoj
Med i sunce su krivi spoj
Grše & Peki - Balalajka
10%
A ja pijan i izgužvan, truba me prati kroz grad Idem do prozora njenog Da iz najlepših snova se ti budiš u najbolji Evo me, stižem, bebo Nucci & Sanja Vučić - Vagabundo
10%
Stigao na vreme, ona kasni ceo sat Vuče belo, smota, razbacan je celi stan Banka Filijal, minimal, kriminal Malo je na firmu, malo ide ilegal Petrov - Milly
10%
Trebaće mi noćas tvoja mala 'Ajde sad dovedi je do stana Biće tu kod mene sedam dana Piće samo vino i šampanjac Popov - Laganie
10%
S tobom kad sam, noći duge Lomi me insomnija A kad nisi pored mene, ubi monotonija Da li svi ti milioni vrede da te odbijam? Amna & Seka Aleksić - Boga mi
0%
U šok sobu, odvedi ga
Blebetô previše je, legendo, jebi ga
A koža je piton, austrougarski plafon
Fashion, scandal, businеss zone
Cunami & Neloe - La Couture
0%
Dođi, daću ti sve što tražiš, i više Šta ti znače sve te tetovaže, i šta to piše? Dozvoli da ti platim račun, sklonim te s kiše Pokloniću ti strast i maštu, zlato je kliše Igor Buzov & Ivana Boom Nikolić - Milano
0%
U glavi mi je nevreme, prizvano Pa sipaj dve nevere kad priznamo Pomera mi se tlo, mi amor Oteram mir, more plavo zna to Nikolija - Afera
0%
Sad zbog neke nove klinkе Šeta pokvarene šminke, teško diše Kaže "Nikad više" (Po ko zna koji put) Ne može pobeći od sebe (Od sebe) Rie - Izgubljena
0%
No matching quizzes found
Score Distribution
Percent of People with Each Score
Percentile by Number Answered
Your Score History
You have not taken this quiz